|
|
|
|
| LEADER |
01190cam a2200337 a 4500 |
| 001 |
c000270399 |
| 003 |
CARM |
| 005 |
20070903092230.0 |
| 008 |
860129s1986 mau 001 0 eng |
| 010 |
|
|
|a 86001230
|
| 019 |
1 |
|
|a 4345464
|5 LACONCORD2021
|
| 020 |
|
|
|a 0201134381 :
|c $32.95 (est.)
|
| 035 |
|
|
|a (OCoLC)13157552
|5 LACONCORD2021
|
| 040 |
|
|
|a LC
|b eng
|c LC
|d NNCU:A
|
| 050 |
|
0 |
|a Z250.8.M46
|b K578 1986
|
| 082 |
0 |
0 |
|a 686.2/2544
|2 19
|
| 100 |
1 |
|
|a Knuth, Donald Ervin,
|d 1938-
|
| 245 |
1 |
0 |
|a METAFONT :
|b the program /
|c Donald E. Knuth.
|
| 260 |
|
|
|a Reading, Mass. :
|b Addison Wesley Pub. Co.,
|c c1986.
|
| 300 |
|
|
|a xv, 560 p. ;
|c 25 cm.
|
| 490 |
1 |
|
|a Computers & typesetting ;
|v D
|
| 500 |
|
|
|a Includes index.
|
| 630 |
0 |
0 |
|a METAFONT
|
| 630 |
0 |
0 |
|a TeX (Computer file)
|
| 630 |
0 |
4 |
|a METAFONT (Computer program)
|
| 650 |
|
0 |
|a Font editors.
|
| 650 |
|
0 |
|a Typesetting.
|
| 800 |
1 |
|
|a Knuth, Donald Ervin,
|d 1938-.
|t Computers & typesetting ;
|v D.
|
| 852 |
8 |
|
|b CARM
|h A1:AN21D0
|i F02668
|p 0389501
|f BK
|
| 999 |
f |
f |
|i 52d7de17-c1e8-5b9f-9260-eba391bb050a
|s 84810588-86cf-5fcb-88bd-536ee3dd167f
|
| 952 |
f |
f |
|p Can circulate
|a CAVAL
|b CAVAL
|c CAVAL
|d CARM 1 Store
|e F02668
|f A1:AN21D0
|h Other scheme
|i book
|m 0389501
|